[Event "CHN-chN (Women)"]
[Site "Jiangmen"]
[Date "2018.07.21"]
[Round "7"]
[White "Dong, Nanxi"]
[Black "Du, Yuxin"]
[Result "0-1"]
[WhiteElo "1894"]
[BlackElo "2129"]
[PlyCount "74"]
[EventDate "2018.07.18"]
[EventType "swiss"]
[EventRounds "11"]
[EventCountry "CHN"]
[SourceTitle "CBM 185 Extra"]
[Source "ChessBase"]
[SourceDate "2018.07.29"]
[SourceVersion "1"]
[SourceVersionDate "2018.07.29"]
[SourceQuality "1"]

1. d4 Nf6 2. c4 e6 3. g3 c5 4. d5 exd5 5. cxd5 b5 6. Bg2 d6 7. a4 b4 8. Nd2 Ba6 9. Qb3 Nbd7 10. Nc4 Nb6 11. Na5 Qc7 12. Bg5 Be7 13. Nc6 Bc4 14. Qc2 Bxd5 15. Bxd5 Nbxd5 16. Nxe7 Qxe7 17. 0-0-0 Nc7 18. Bxf6 Qxf6 19. Qe4+ Kd7 20. f4 Qe6 21. Qd3 Rad8 22. Nf3 f6 23. e4 Kc8 24. Rhe1 Rhe8 25. Qc2 Qa2 26. Nd2 d5 27. exd5 Rxe1 28. Rxe1 Qxd5 29. Nb3 c4 30. Nd2 b3 31. Qc3 Qd7 32. Nxc4 Qxa4 33. Na3 Kb8 34. Qc5 Rd5 35. Qf8+ Kb7 36. Qe7 Qd4 37. Kb1 Qd1+ 0-1

[Event "CHN-chB (Women)"]
[Site "Qinhuangdao"]
[Date "2017.07.18"]
[Round "5"]
[White "Dong, Nanxi"]
[Black "Gu, Tianlu"]
[Result "1/2-1/2"]
[WhiteElo "1875"]
[BlackElo "2186"]
[PlyCount "131"]
[EventDate "2017.07.16"]
[EventType "swiss"]
[EventRounds "11"]
[EventCountry "CHN"]
[SourceTitle "CBM 179 Extra"]
[Source "ChessBase"]
[SourceDate "2017.08.23"]
[SourceVersion "1"]
[SourceVersionDate "2017.08.23"]
[SourceQuality "1"]

1. d4 d5 2. c4 c6 3. Qc2 Nf6 4. Nf3 dxc4 5. Qxc4 Bg4 6. Nbd2 Nbd7 7. g3 e6 8. Bg2 Be7 9. 0-0 0-0 10. h3 Bxf3 11. Nxf3 Rc8 12. Qb3 b5 13. Bd2 a5 14. Rfc1 Qb6 15. a4 b4 16. Rc2 c5 17. Rac1 Qa6 18. e3 Ne4 19. Be1 Nef6 20. Nd2 cxd4 21. exd4 Rxc2 22. Rxc2 Qe2 23. Rc1 Nb6 24. Bf3 Qa6 25. Rc6 Qa7 26. Nc4 Nbd5 27. Qd3 Rd8 28. Bd2 Bf8 29. Ne5 Ne7 30. Ra6 Qc7 31. Nc6 Nxc6 32. Rxc6 Qd7 33. Qc4 Nd5 34. Kg2 h6 35. Be3 Be7 36. Qb5 Nxe3+ 37. fxe3 Bg5 38. Qe2 Rc8 39. Qc2 Rxc6 40. Bxc6 Qd6 41. Kf3 Bd8 42. Qc5 Qxc5 43. dxc5 Be7 44. b3 Bxc5 45. g4 Kf8 46. Bb5 Ke7 47. Bc4 Kf6 48. Bb5 Kg5 49. Bc4 Kf6 50. Bb5 Kg5 51. Bc4 g6 52. Bb5 h5 53. Bc4 Bb6 54. e4 Bd4 55. Bb5 h4 56. Bc4 Kf6 57. Bb5 Ke7 58. Bc6 f6 59. Bb5 Bc5 60. Kf4 Kd6 61. Bc4 Bd4 62. Kf3 Ke5 63. Bb5 Bc5 64. Bc4 Bg1 65. Bb5 Kd4 66. Bc4 1/2-1/2

[Event "CHN Team (Women)"]
[Site "Beijing"]
[Date "2017.06.07"]
[Round "2.6"]
[White "Zhu, Jiner"]
[Black "Dong, Nanxi"]
[Result "1-0"]
[WhiteElo "2176"]
[BlackElo "1854"]
[PlyCount "45"]
[EventDate "2017.06.06"]
[EventType "team-swiss"]
[EventRounds "9"]
[EventCountry "CHN"]
[SourceTitle "CBM 178 Extra"]
[Source "ChessBase"]
[SourceDate "2017.06.22"]
[SourceVersion "1"]
[SourceVersionDate "2017.06.22"]
[SourceQuality "1"]
[WhiteTeam "Zhejiang (W)"]
[BlackTeam "Chengdu (W)"]
[WhiteTeamCountry "CHN"]
[BlackTeamCountry "CHN"]

1. e4 c5 2. Nf3 d6 3. d4 cxd4 4. Nxd4 Nf6 5. Nc3 a6 6. Be3 Ng4 7. Bc4 Nxe3 8. fxe3 e6 9. 0-0 Be7 10. Rxf7 Kxf7 11. Qg4 g6 12. Bxe6+ Bxe6 13. Nxe6 Qd7 14. Rf1+ Ke8 15. Nd5 Bd8 16. Rf6 Bxf6 17. Nxf6+ Ke7 18. Nd5+ Ke8 19. Ndc7+ Ke7 20. Qg5+ Kf7 21. Qf4+ Ke7 22. Nd5+ Ke8 23. Qf6 1-0

[Event "CHN Team"]
[Site "Zhongshan"]
[Date "2015.07.13"]
[Round "5"]
[White "Zhao, Shengxin"]
[Black "Dong, Nanxi"]
[Result "1-0"]
[WhiteElo "1856"]
[BlackElo "1853"]
[PlyCount "109"]
[EventDate "2015.07.11"]
[EventType "team-swiss"]
[EventRounds "11"]
[EventCountry "CHN"]
[SourceTitle "CBM 167 Extra"]
[Source "ChessBase"]
[SourceDate "2015.09.14"]
[SourceVersion "1"]
[SourceVersionDate "2015.09.14"]
[SourceQuality "1"]
[WhiteTeam "Beijing Glorious Adolescent"]
[BlackTeam "Chengdu CT"]
[WhiteTeamCountry "CHN"]
[BlackTeamCountry "CHN"]

1. d4 Nf6 2. c4 g6 3. Nc3 Bg7 4. e4 d6 5. Nf3 0-0 6. Be2 e5 7. 0-0 Nc6 8. d5 Ne7 9. b4 Nh5 10. g3 f5 11. Ng5 Nf6 12. Bf3 Rb8 13. Bg2 Re8 14. b5 h6 15. Ne6 Bxe6 16. dxe6 Kh8 17. Be3 b6 18. Nd5 Nxe4 19. Bxe4 fxe4 20. Qg4 Kh7 21. h4 Qc8 22. h5 g5 23. Qxe4+ Kh8 24. Rad1 Ng8 25. Qf5 Rb7 26. f4 gxf4 27. gxf4 Qxe6 28. Qxe6 Rxe6 29. f5 Rf6 30. Nxf6 Nxf6 31. Kf2 Rb8 32. Rd3 Rf8 33. Ra3 d5 34. cxd5 Nxd5 35. Ke2 e4 36. Bd2 Re8 37. Rxa7 e3 38. Be1 Re4 39. Rg1 Rc4 40. Ra8+ Kh7 41. Rd8 Rd4 42. Rc8 Bf6 43. Rf8 Bg5 44. Rf1 Ra4 45. f6 Rxa2+ 46. Kd3 Nf4+ 47. Rxf4 Bxf4 48. Bc3 Rd2+ 49. Bxd2 exd2 50. Ke2 Bg5 51. Kd1 Bf4 52. Rc8 Bd6 53. Kxd2 Bc5 54. Rxc7+ Kg8 55. Rxc5 1-0